Every City in Shanxi - Statistics

General Stats
  • This quiz has been taken 8 times
  • The average score is 9 of 11
Answer Stats
Code Population Answer % Correct
A 5,435,000 Taiyuan
100%
B 3,100,200 Datong
86%
L 3,906,600 Linfen
86%
J 3,370,500 Lüliang
86%
M 4,718,500 Yuncheng
86%
D 3,142,00 Changzhi
71%
K 3,394,500 Jinzhong
71%
F 1,590,700 Shuozhou
71%
H 2,655,600 Xinzhou
71%
C 1,311,100 Yangquan
71%
E 2,189,300 Jincheng
57%
No matching quizzes found
Score Distribution
Percent of People with Each Score
Percentile by Number Answered
Your Score History
You have not taken this quiz